000 00571nam a22002057a 4500
003 SISC
005 20160321133131.0
008 130823t xxu||||| |||| 00| 0 eng d
020 _a0382057147
050 _aM 1994
_b.R363 1979
082 _aHS 780
_bRe27 1979
100 _aReimer, Benneth
_912663
245 _aMusic /
_cBenneth Reimer, Mary Hofman, Albert McNeil.
260 _aNew Jersey :
_bSilver Burnett Company,
_c1979.
300 _a300 p. ;
_c26 cm.
650 _aMusic
_91429
810 _aSilver Burdett Company
_912664
942 _2lcc
_cBK
999 _c9171
_d9171